000 00506cam a2200205ua 4500
020 _c14.50
041 _amal
_h
082 _a575.1
_bFRA/PA
100 _aShull, Franklin .
245 _aParamparyam /
_cFranklin Shull.
_hTextual Documents
260 _aThiruvananthapuram :
_bState Instititute of Languages ,
_c1974.
300 _a409 ; .
365 _a14.50
504 _a
942 _cBK
999 _c6175
_d6175